ZKM Gdynia - 177 - Statystyki

Ogólne statystyki
  • Ten quiz został rozwiązany 4 razy
  • Średni wynik to 17 z 29
Statystyki odpowiedzi
Przystanek Ulica % Poprawnych
Przylesie 23 Marca
100%
Przylesie 23 Marca
100%
Sanatorium "Leśnik" 23 Marca
100%
Sanatorium "Leśnik" 23 Marca
100%
23 Marca 23 Marca
75%
23 Marca 23 Marca
75%
Kochanowskiego Armii Krajowej
75%
Korty Tenisowe Powstańców Warszawy
75%
Sopot Reja Niepodległości
75%
Sopot Reja Niepodległości
75%
Uniwersytet Gdański Armii Krajowej
75%
Uniwersytet Gdański 23 Marca
75%
Chopina Grunwaldzka
50%
Grand Hotel Powstańców Warszawy
50%
Grunwaldzka Grunwaldzka
50%
Hospicjum Niepodległości
50%
Kamienny Potok SKM - Niepodległości Niepodległości
50%
Malczewskiego Niepodległości
50%
Plac Kusocińskiego Powstańców Warszawy
50%
Rzemieślnicza Rzemieślnicza
50%
Smolna Niepodległości
50%
Wejherowska Niepodległości
50%
Władysława IV 3 Maja
50%
3 Maja Niepodległości
25%
Młyńska Haffnera
25%
Okrężna 23 Marca
25%
Okrężna 23 Marca
25%
Sikorskiego Armii Krajowej
25%
Wybickiego Armii Krajowej
25%
Nie znaleziono quizów pasujących do podanych kryteriów
Rozkład punktacji
Procent ludzi z każdym wynikiem
Percentyl według liczby udzielonych odpowiedzi
Twoja historia wyników
Nie rozwiązałeś tego quizu